000 00309nam a22001457a 4500
008 210310b ||||| |||| 00| 0 eng d
020 _a2900321733176
041 _aeng
080 _29th
_a53
082 _a53
100 _a43
101 _aFIZ
245 _aCollege Physics
_cYoung, H. D
942 _2udc
_cBK
999 _c56187
_d56187